Understanding human anatomy and physiology / (Record no. 7598)

MARC details
000 -LEADER
fixed length control field 00655cam a22001934a 4500
001 - CONTROL NUMBER
control field 13375128
003 - CONTROL NUMBER IDENTIFIER
control field NG-AbAUS
005 - DATE AND TIME OF LATEST TRANSACTION
control field 20230319005604.0
008 - FIXED-LENGTH DATA ELEMENTS--GENERAL INFORMATION
fixed length control field 031016s2005 maua b 001 0 eng
020 ## - INTERNATIONAL STANDARD BOOK NUMBER
International Standard Book Number 0072464372 (hard copy : alk. paper)
040 ## - CATALOGING SOURCE
Original cataloging agency DLC
Transcribing agency DLC
Modifying agency DLC
082 00 - DEWEY DECIMAL CLASSIFICATION NUMBER
Classification number 612
Edition number 22
100 1# - MAIN ENTRY--PERSONAL NAME
Personal name Mader, Sylvia S.
9 (RLIN) 590
245 10 - TITLE STATEMENT
Title Understanding human anatomy and physiology /
Statement of responsibility, etc Sylvia S. Mader ; special contributions by susannah N. Logenbaker, Michael W. Squires, Dianne M. Jedlicka.
250 ## - EDITION STATEMENT
Edition statement 5th ed.
260 ## - PUBLICATION, DISTRIBUTION, ETC. (IMPRINT)
Place of publication, distribution, etc Boston :
Name of publisher, distributor, etc McGraw-Hill Higher Education,
Date of publication, distribution, etc c2005.
300 ## - PHYSICAL DESCRIPTION
Extent xx, 444 p. :
Other physical details col. ill. ;
Dimensions 28 cm.
942 ## - ADDED ENTRY ELEMENTS (KOHA)
Source of classification or shelving scheme Dewey Decimal Classification
Item type Book

No items available.